Tampereen naapurikunnat - Statistics

Yleistilastot
  • Tätä visaa on pelattu 173 kertaa
  • Keskiarvotulos 6 / 7
Vastaustilastot
Naapurikunnat % Oikein
Nokia
97%
Ylöjärvi
91%
Pirkkala
89%
Lempäälä
88%
Kangasala
86%
Orivesi
75%
Ruovesi
62%
Ehtoja vastaavia visoja ei löytynyt
Tulosjakauma
Jokaisen tuloksen saaneiden osuus
Persentiili vastausten määrän mukaan
Tuloshistoriasi
Et ole pelannut tätä visaa